=LDR 00000nam 2200000 4500 =001 INLIS000000000006700 =005 20251113091927 =035 ##$$a 0010-1125000574 =007 ta =008 251113###########################0#ind## =082 ##$$a 613.94 =084 ##$$a 613.94 NUR s =100 #$$a Nurcholis Madjid =245 1#$$a Strategi Pembangunan Sumber Daya Manusia Dalam Pembangunan Jangka Panjang /$c Badan Koordinasi Keluarga Berencana Nasional =260 ##$$a Bandung :$b Badan Koordinasi Keluarga Berencana Nasional,$c 1990 =300 ##$$a 21 Hal : $b Ilus ; $c 21 =650 #4$$a Keluarga Berencana =856 ##$$a Perpustakaan Kemendukbangga